000 02274nam0a2200349 i 4500
001 RU\NLR\BIBL_A\011401994
005 20260614030814.0
010 _a9785426601338
_9500
021 _aRU
_b2017-36757
_92689
035 _a(RuMoRGB)008889129
035 _a(NLR Aleph) 011401994
090 _a11513169
_c11513169
100 _a20170608d2016 km y0rusy50 ca
101 0 _arus
102 _aRU
105 _aa|||j|||000zy
200 1 _aБолезни экзотических, зоопарковых и диких животных
_eучебное пособие для студентов высших учебных заведений, обучающихся по специальности 36.05.01 Ветеринария, квалификация "ветеринарный врач"
_fТ. А. Белобороденко, М. А. Белобороденко, И. А. Родин, А. М. Белобороденко
_gМинистерство сельског хозяйства Российской Федерации, ФГБОУ ВО "Государственный аграрный университет Северного Зауралья", ФГБОУ ВПО "Кубанский государственный аграрный университет"
210 _aТюмень
_cГАУСЗ
_d2016
215 _a234 с.
_cил., цв. ил.
_d21
320 _aБиблиогр.: с. 227-234 (89 назв.)
606 _aДикие животные
_jУчебные издания для высших учебных заведений
_xБолезни
_91471987
_3RU\NLR\AUTH\66316357
606 _aЭкзотические животные
_xБолезни
_jУчебные издания для высших учебных заведений
_3RU\NLR\AUTH\661419524
_92379023
686 _aП87я73-1
_2rubbk
686 1 _aП87я73
701 1 _aБелобороденко
_bТ. А.
_gТатьяна Анатольевна
701 1 _aБелобороденко
_bМ. А.
_gМихаил Анатольевич
701 1 _aРодин
_bИ. А.
_gИгорь Анатольевич
701 1 _aБелобороденко
_bА. М.
_gАнатолий Михайлович
942 _cBOOK
980 _aNBR